000
00333nam a22001457a 4500
003
OSt
005
20160727222420.0
008
160627b xxu||||| |||| 00| 0 eng d
040
_c
TEST
100
_9
1245
_a
Parker, S
245
_a
Computers
260
_a
LONDON
_b
BEILTHA PRESS LTD.
_c
1998
300
_a
Computers
942
_2
ddc
_c
BK
999
_c
1019
_d
1019